<?xml version="1.0" encoding="UTF-8"?>
<record
    xmlns:xsi="http://www.w3.org/2001/XMLSchema-instance"
    xsi:schemaLocation="http://www.loc.gov/MARC21/slim http://www.loc.gov/standards/marcxml/schema/MARC21slim.xsd"
    xmlns="http://www.loc.gov/MARC21/slim">

  <leader>01727    a2200241   4500</leader>
  <controlfield tag="001">53237</controlfield>
  <controlfield tag="005">20260407155806.0</controlfield>
  <controlfield tag="008">260407a2004    arg                 spa d</controlfield>
  <controlfield tag="003">AR-UNSa-BCEJYS</controlfield>
  <datafield tag="040" ind1=" " ind2=" ">
    <subfield code="a">AR-UNSa-BCEJYS</subfield>
    <subfield code="b">spa</subfield>
    <subfield code="c">AR-UNSa-BCEJYS</subfield>
  </datafield>
  <datafield tag="080" ind1=" " ind2=" ">
    <subfield code="a">004.67*E:658</subfield>
    <subfield code="x">Excel para Administraci&#xF3;n de Empresas</subfield>
  </datafield>
  <datafield tag="245" ind1="1" ind2="0">
    <subfield code="a">Gesti&#xF3;n financiera y de inversiones con excel</subfield>
  </datafield>
  <datafield tag="020" ind1=" " ind2=" ">
    <subfield code="a">84-415-1948-X</subfield>
  </datafield>
  <datafield tag="264" ind1=" " ind2="1">
    <subfield code="a">Madrid :</subfield>
    <subfield code="b">Anaya Multimedia</subfield>
    <subfield code="c">2004</subfield>
  </datafield>
  <datafield tag="300" ind1=" " ind2=" ">
    <subfield code="a">336 p.</subfield>
    <subfield code="c">23 cm.</subfield>
  </datafield>
  <datafield tag="505" ind1=" " ind2=" ">
    <subfield code="a">Parte I: Fundamentos de los c&#xE1;lculos financieros - 1. Tomar el control de sus finanzas - 2. Empleo de Excel para menejar el dinero - 3. Realizaci&#xF3;n de c&#xE1;lculos financieros b&#xE1;sicos - 4. C&#xE1;lculo del activo neto - Parte II: Tomar el control de las cuentas bancarias y de las tarjetas de cr&#xE9;dito - 5. Administraci&#xF3;n del dinero con un presupuesto - 6. Gesti&#xF3;n inteligente de las cuentas corrientes - 7. Sacar el m&#xE1;ximo provecho a las tarjetas de cr&#xE9;dito -  Parte III: Financiaci&#xF3;n de su vivienda y coche - 8. Comprender las hip&#xF3;tesis... y encontrar la m&#xE1;s adecuada - 9. Consideraciones sobre las segundas hipotecas - 10. Refinanciaci&#xF3;n de la hipoteca - 11. La cuentas de d&#xE9;positos - 12. Tomar la decisi&#xF3;n correcta entre alquilar o comprar una vivienda - 13. Autom&#xF3;vil nuevo: &#xBF;arrendamiento financiero o compra? - Parte IV: Gesti&#xF3;n de las inversiones - 14. Conceptos fundamentales de la inversi&#xF3;n - 15. Estar al d&#xED;a de las inversiones - 16. Comparaci&#xF3;n de los fondos de inversi&#xF3;n - 17. Planificaci&#xF3;n para la universidad o la jubilaci&#xF3;n - V. &#xC1;pendices</subfield>
  </datafield>
  <datafield tag="041" ind1=" " ind2=" ">
    <subfield code="a">spa</subfield>
  </datafield>
  <datafield tag="942" ind1=" " ind2=" ">
    <subfield code="c">BK</subfield>
  </datafield>
  <datafield tag="590" ind1=" " ind2=" ">
    <subfield code="a">niveau_biblio:m niveau_hierar:0</subfield>
  </datafield>
  <datafield tag="100" ind1="1" ind2=" ">
    <subfield code="a">Aitken, Peter G.</subfield>
  </datafield>
  <datafield tag="650" ind1=" " ind2=" ">
    <subfield code="a">EXCEL</subfield>
  </datafield>
  <datafield tag="650" ind1=" " ind2=" ">
    <subfield code="a"> excel </subfield>
  </datafield>
  <datafield tag="999" ind1=" " ind2=" ">
    <subfield code="c">5155</subfield>
    <subfield code="d">5155</subfield>
  </datafield>
  <datafield tag="952" ind1=" " ind2=" ">
    <subfield code="0">0</subfield>
    <subfield code="1">0</subfield>
    <subfield code="4">0</subfield>
    <subfield code="7">0</subfield>
    <subfield code="a">BCEJYS</subfield>
    <subfield code="b">BCEJYS</subfield>
    <subfield code="c">16</subfield>
    <subfield code="d">2026-04-07</subfield>
    <subfield code="l">0</subfield>
    <subfield code="o">004.67*E:658 A311</subfield>
    <subfield code="p">L116845</subfield>
    <subfield code="r">2026-04-07 15:58:06</subfield>
    <subfield code="w">2026-04-07</subfield>
    <subfield code="y">L</subfield>
  </datafield>
</record>
